| 000 | 01098cam a2200349 a 4500 | ||
|---|---|---|---|
| 999 |
_c1237 _d1237 |
||
| 001 | 1591814 | ||
| 003 | GZU | ||
| 005 | 20201001091945.0 | ||
| 008 | 931213s1993 nyua 000 0 eng | ||
| 010 | _a 93242654 | ||
| 020 |
_a0151000611 : _c$24.95 |
||
| 035 | _aLW | ||
| 040 |
_aDLC _cDLC _dKyLoU _dDLC |
||
| 043 | _af------ | ||
| 050 | 0 | 0 |
_aGN484 _bWAL 1993 |
| 082 | 0 | 0 |
_a392 _220 |
| 100 | 1 |
_aWalker, Alice, _d1944- |
|
| 245 | 1 | 0 |
_aWarrior marks : _bfemale genital mutilation and the sexual blinding of women / _cAlice Walker and Pratibha Parmar. |
| 250 | _a1st ed. | ||
| 260 |
_aNew York : _bHarcourt Brace, _cc1993. |
||
| 300 |
_a373 p. : _bill. ; _c24 cm. |
||
| 504 | _aBibliography: p. 371-372. | ||
| 650 | 0 | _aClitoridectomy. | |
| 650 | 0 | _aInfibulation. | |
| 650 | 0 | _aFemale circumcision. | |
| 650 | 0 |
_aAbused women _zAfrica. |
|
| 700 | 1 | _aParmar, Pratibha. | |
| 740 | 0 | _aFemale genital mutilation. | |
| 906 |
_a7 _bcbc _corignew _d2 _encip _f19 _gy-gencatlg |
||
| 942 |
_2lcc _cBK _h484 _iWAL _kGN |
||